00445 2200181 4500001002100000005001500021008004100036035001900077041000700096082001100103090001700114100001600131700002100147245002800168260002800196300002700224650001200251INLIS00000000000296020241224112632241224||||||||| | ||| |||| || |  0010-1224002960 aen0 a922.97 a922.97 YUL s0 aU.Syahbudin0 aYuliadi Soekardi00aSunan Giri : Raden Paku bCV. Pustaka Setiac2004 a128 hlm.; ilus.: 26 cm 0aSejarah